San Francisco Giants Retired Numbers - Statistics

General Stats
  • This quiz has been taken 57 times
  • The average score is 7 of 11
Answer Stats
Number Position Player % Correct
24 CF Willie Mays
100%
25 LF Barry Bonds
92%
44 1B Willie McCovey
84%
27 P Juan Marichal
80%
42 2B Jackie Robinson
70%
4 RF, Mgr Mel Ott
68%
30 1B Orlando Cepeda
58%
36 P Gaylord Perry
50%
11 P Carl Hubbell
34%
3 1B, Mgr, GM Bill Terry
26%
20 LF Monte Irvin
16%
No matching quizzes found
Score Distribution
Percent of People with Each Score
Percentile by Number Answered
Your Score History
You have not taken this quiz